Normal view
MARC view
- Law
Entry Topical Term
001 - CONTROL NUMBER
- control field: 4193
003 - CONTROL NUMBER IDENTIFIER
- control field: OSt
005 - DATE AND TIME OF LATEST TRANSACTION
- control field: 20210921054547.0
008 - FIXED-LENGTH DATA ELEMENTS
- fixed length control field: 210921|| aca||aabn | a|a d
040 ## - CATALOGING SOURCE
- Original cataloging agency: OSt
- Transcribing agency: OSt
150 ## - HEADING--TOPICAL TERM
- Topical term or geographic name entry element: Law
670 ## - SOURCE DATA FOUND
- Source citation: Work cat.: (OSt)3687: Konn & Pecorkle 4191, Criminology & Penology, c2004
